[Event "24th Dubai Open A 2024"]
[Site "Dubai UAE"]
[Date "2024.05.31"]
[Round "7.6"]
[White "Zhao, Yuanhe"]
[Black "Sethuraman, S.P."]
[Result "1-0"]
[WhiteTitle "IM"]
[BlackTitle "GM"]
[WhiteElo "2463"]
[BlackElo "2588"]
[WhiteFideId "8609497"]
[BlackFideId "5021596"]
[EventDate "2024.05.25"]

1. Nf3 d5 2. e3 Nf6 3. c4 e6 4. b3 Bd6 5. Bb2 O-O 6. Nc3 Nc6 7. a3 dxc4 8. Bxc4
e5 9. Qc2 h6 10. b4 Re8 11. Ne4 Bf5 12. d3 a5 13. b5 Nb8 14. O-O Nbd7 15. a4 Nb6
16. Bb3 Nfd5 17. Rfc1 Bg6 18. Qe2 Bh5 19. Ng3 Bg6 20. Ne4 Bh5 21. Ng3 Bg6 22.
Ne4 Nb4 23. Rd1 Nd7 24. h3 Bf8 25. Rac1 Kh8 26. g4 c6 27. bxc6 bxc6 28. h4 Qe7
29. h5 Bh7 30. Ba1 f5 31. gxf5 Bxf5 32. Ng3 Bh7 33. Bc4 Qf6 34. Nd2 Nb6 35. Nde4
Qe7 36. Bb3 Rad8 37. Rd2 N6d5 38. Rcd1 Qd7 39. Qf3 Bg8 40. d4 Be6 41. dxe5 Bg4
42. Qg2 Bxd1 43. Bxd1 Qc7 44. Nf5 Rxe5 45. Bxe5 Qxe5 46. Nh4 Kg8 47. Ng6 Qa1 48.
Qg4 Re8 49. Kg2 Qb1 50. Bf3 Nd3 51. Rd1 Qc2 52. Rd2 Qb3 53. Bd1 Qa3 54. Nf6+
Nxf6 55. Qc4+ Nd5 56. Rxd3 Qb4 57. Qxc6 Nf6 58. Rd4 Qc5 59. Qxc5 Bxc5 60. Rc4
Rc8 61. Ne7+ 1-0

[Event "24th Dubai Open A 2024"]
[Site "Dubai UAE"]
[Date "2024.05.31"]
[Round "7.7"]
[White "Moroni, Luca Jr"]
[Black "Srihari, L R"]
[Result "0-1"]
[WhiteTitle "GM"]
[BlackTitle "IM"]
[WhiteElo "2580"]
[BlackElo "2485"]
[WhiteFideId "865834"]
[BlackFideId "46617116"]
[EventDate "2024.05.25"]

1. d4 Nf6 2. c4 e6 3. Nc3 Bb4 4. Nf3 O-O 5. e3 d5 6. Bd2 b6 7. Rc1 Bb7 8. cxd5
exd5 9. Bd3 Be7 10. O-O c5 11. Ne5 Nc6 12. Be1 Bd6 13. f4 cxd4 14. exd4 Nxd4 15.
Bh4 Ne6 16. Rf3 Nc5 17. Ng4 Be7 18. Nxf6+ Bxf6 19. Bxh7+ Kxh7 20. Rh3 Kg8 21.
Qh5 Bxh4 22. Rxh4 f5 23. Qh7+ Kf7 24. Qh5+ Ke6 25. Nb5 Kd7 26. b4 Ne6 27. Qg6
Qf6 0-1

[Event "24th Dubai Open A 2024"]
[Site "Dubai UAE"]
[Date "2024.05.31"]
[Round "7.8"]
[White "Li, Di"]
[Black "Hakobyan, Erik"]
[Result "1-0"]
[WhiteTitle "GM"]
[BlackTitle "FM"]
[WhiteElo "2563"]
[BlackElo "2335"]
[WhiteFideId "8607508"]
[BlackFideId "13313940"]
[EventDate "2024.05.25"]

1. e4 c5 2. Nf3 Nc6 3. Bb5 e6 4. Bxc6 bxc6 5. d3 Ne7 6. Qe2 Ng6 7. h4 h5 8. e5
f6 9. Nbd2 Nxe5 10. Nxe5 fxe5 11. b3 d6 12. Bb2 Be7 13. O-O-O Kd7 14. Rdg1 Kc7
15. g4 hxg4 16. Qxg4 Rh7 17. Qa4 Bd7 18. Bc3 Kb7 19. Rg4 Rb8 20. Rhg1 Qh8 21.
Ne4 Ka8 22. Kb2 Rf8 23. Qa5 Rb8 24. h5 Rb5 25. Qa4 Bf8 26. f4 d5 27. Ng5 Rxh5
28. Bxe5 Rh2 29. Nf3 Rf2 30. Rh4 Qg8 31. Ng5 c4 32. dxc4 dxc4 33. Rgh1 cxb3 34.
axb3 Rc5 35. Qe4 Rcxc2+ 36. Qxc2 Ba3+ 37. Kxa3 Qf8+ 38. b4 Rxc2 39. Rh8 Qxh8 40.
Rxh8+ Kb7 41. Rd8 Bc8 42. Ne4 1-0

[Event "24th Dubai Open A 2024"]
[Site "Dubai UAE"]
[Date "2024.05.31"]
[Round "7.9"]
[White "Can, Emre"]
[Black "Gholami Orimi, Mahdi"]
[Result "1/2-1/2"]
[WhiteTitle "GM"]
[BlackTitle "IM"]
[WhiteElo "2549"]
[BlackElo "2470"]
[WhiteFideId "6302181"]
[BlackFideId "12558486"]
[EventDate "2024.05.25"]

1. d4 d5 2. c4 e6 3. Nf3 Nf6 4. Nc3 Bb4 5. Qb3 c5 6. dxc5 Nc6 7. Bg5 Qa5 8. Bxf6
dxc4 9. Qxc4 gxf6 10. Rc1 Qxc5 11. Qf4 Ke7 12. g3 e5 13. Qh6 Bxc3+ 14. bxc3 Qc4
15. Bg2 Bf5 16. O-O Rad8 17. Nh4 Be6 18. e4 Qxa2 19. f4 Qa5 20. Rb1 b6 21. fxe5
Qc5+ 22. Kh1 Nxe5 23. Qxf6+ Kd7 24. h3 Kc7 25. Nf3 Nxf3 26. Qxf3 Bc4 27. Qf4+
Kc8 28. Rfd1 Rxd1+ 29. Rxd1 Bb3 30. Rd4 Rd8 31. Qf6 Rd7 32. Kh2 a5 33. h4 Be6
34. Bh3 Bxh3 35. Kxh3 Rc7 36. Rd5 Qe3 37. Qf5+ Kb7 38. c4 a4 39. c5 Rxc5 40.
Qd7+ Rc7 41. Qxa4 Qf3 42. Rf5 Qh1+ 43. Kg4 Re7 44. Kh5 Qc1 45. Qb4 Qc7 46. g4
Re6 47. Qf8 f6 48. Rxf6 Qe5+ 49. g5 Rxf6 50. Qxf6 Qxe4 51. g6 hxg6+ 52. Qxg6
Qe5+ 53. Qg5 Qe8+ 54. Kg4 Qe4+ 55. Kg3 Ka6 56. h5 Qd3+ 57. Kh4 Qe4+ 58. Qg4 Qe7+
59. Kg3 Qe3+ 60. Qf3 Qg5+ 61. Kf2 Qc5+ 62. Ke1 Qc1+ 63. Qd1 Qc3+ 1/2-1/2

[Event "24th Dubai Open A 2024"]
[Site "Dubai UAE"]
[Date "2024.05.31"]
[Round "7.10"]
[White "Sibashvili, Giorgi"]
[Black "Jumabayev, Rinat"]
[Result "1/2-1/2"]
[WhiteTitle "IM"]
[BlackTitle "GM"]
[WhiteElo "2423"]
[BlackElo "2595"]
[WhiteFideId "13602799"]
[BlackFideId "13702661"]
[EventDate "2024.05.25"]

1. c4 e6 2. g3 d5 3. Bg2 d4 4. Nf3 Nc6 5. O-O Nh6 6. Na3 Bxa3 7. bxa3 O-O 8. d3
Nf5 9. Rb1 Rb8 10. e4 Nfe7 11. e5 b6 12. h4 Bb7 13. Re1 Nf5 14. g4 Nfe7 15. h5
h6 16. Rb2 Ba8 17. Bf4 f5 18. exf6 Rxf6 19. Bg3 Qd7 20. Rbe2 Rbf8 21. Ne5 Nxe5
22. Bxe5 Bxg2 23. Kxg2 R6f7 24. Bg3 Rf6 25. Bh4 g5 26. Bg3 c5 27. Be5 R6f7 28.
Bg3 Rf6 29. Be5 R6f7 30. Bg3 Rf6 1/2-1/2

[Event "24th Dubai Open A 2024"]
[Site "Dubai UAE"]
[Date "2024.05.31"]
[Round "7.11"]
[White "Safarli, Eltaj"]
[Black "Muthaiah, AL"]
[Result "1-0"]
[WhiteTitle "GM"]
[BlackTitle "IM"]
[WhiteElo "2594"]
[BlackElo "2493"]
[WhiteFideId "13402129"]
[BlackFideId "5092442"]
[EventDate "2024.05.25"]

1. e4 e5 2. Nf3 Nf6 3. Nxe5 d6 4. Nf3 Nxe4 5. Nc3 Nf6 6. d4 Be7 7. Bd3 O-O 8. h3
Re8 9. O-O b6 10. Bb5 c6 11. Bd3 b5 12. Ne2 Nbd7 13. Ng3 Nb6 14. Re1 Bd7 15. c3
a5 16. Qc2 Nbd5 17. Bd2 g6 18. Bg5 Qc7 19. Qd2 Bf8 20. b3 Bg7 21. c4 Nb4 22. Bf1
Rxe1 23. Rxe1 Re8 24. a3 Na6 25. Rc1 bxc4 26. Bxc4 Bc8 27. d5 Nc5 28. Bxf6 Bxf6
29. b4 axb4 30. axb4 Nd7 31. dxc6 Nb6 32. Bb3 d5 33. Ne2 Ba6 34. Qf4 Qxf4 35.
Nxf4 Bc4 36. Nd2 Rc8 37. Nxc4 Rxc6 38. b5 Rc7 39. Nxd5 Nxd5 40. Re1 Rb7 41. Nd6
Rb6 42. Ne8 Nc3 43. Nxf6+ Rxf6 44. Re8+ Kg7 45. Bc4 Rf4 46. b6 Rxc4 47. b7 Rb4
48. b8=Q Rxb8 49. Rxb8 h5 50. h4 Ne4 51. g3 Kf6 52. Kg2 Nc5 53. Kf3 Ne6 54. Rc8
Ke5 55. Ke3 Ng7 56. Rc5+ Kf6 57. Ke4 Ne6 58. Rc6 Kg7 59. Ke5 Nf8 60. Rd6 Nh7 61.
f4 Nf8 62. f5 f6+ 63. Kf4 Kf7 64. Ra6 Kg7 65. Ra8 gxf5 66. Kxf5 Ng6 67. Rg8+
Kxg8 68. Kxg6 1-0

[Event "24th Dubai Open A 2024"]
[Site "Dubai UAE"]
[Date "2024.05.31"]
[Round "7.12"]
[White "Ioannidis, Evgenios"]
[Black "Celik, Hasan Huseyin"]
[Result "1-0"]
[WhiteTitle "GM"]
[BlackTitle "IM"]
[WhiteElo "2518"]
[BlackElo "2421"]
[WhiteFideId "4229274"]
[BlackFideId "44506759"]
[EventDate "2024.05.25"]

1. d4 d5 2. c4 c6 3. Nf3 Nf6 4. Nc3 e6 5. Bg5 h6 6. Bxf6 Qxf6 7. e3 g6 8. Be2
Bg7 9. e4 dxc4 10. e5 Qe7 11. Bxc4 O-O 12. O-O Rd8 13. Re1 Nd7 14. Rc1 Nb6 15.
Bb3 a5 16. a3 Bd7 17. Ne4 Be8 18. h4 a4 19. Ba2 h5 20. Qd2 c5 21. Rxc5 Bc6 22.
Qf4 Nd7 23. Rc3 Nf8 24. Nf6+ Kh8 25. Ng5 Nd7 26. d5 exd5 27. Nxd5 Bxd5 28. Bxd5
Nxe5 29. Nxf7+ Kh7 30. Rxe5 Qf6 31. Qxf6 Bxf6 32. Rc7 1-0

[Event "24th Dubai Open A 2024"]
[Site "Dubai UAE"]
[Date "2024.05.31"]
[Round "7.13"]
[White "Durak, Can"]
[Black "Pang, Tao"]
[Result "1/2-1/2"]
[WhiteTitle "IM"]
[BlackTitle "IM"]
[WhiteElo "2434"]
[BlackElo "2496"]
[WhiteFideId "44552971"]
[BlackFideId "8609950"]
[EventDate "2024.05.25"]

1. e4 e6 2. d4 d5 3. Nc3 Nf6 4. e5 Nfd7 5. Nce2 c5 6. c3 cxd4 7. cxd4 Bb4+ 8.
Bd2 Nc6 9. Bxb4 Nxb4 10. Nf3 O-O 11. Qd2 Qe7 12. Nc3 f6 13. exf6 Nxf6 14. Be2
Bd7 15. O-O Ne4 16. Nxe4 dxe4 17. Ne5 Nc6 18. Nxc6 Bxc6 19. Rac1 Kh8 20. Kh1 Kg8
21. Kg1 Kh8 22. Kh1 Kg8 23. Kg1 1/2-1/2

[Event "24th Dubai Open A 2024"]
[Site "Dubai UAE"]
[Date "2024.05.31"]
[Round "7.14"]
[White "Ahmad, Al Khatib"]
[Black "Mendonca, Leon Luke"]
[Result "0-1"]
[WhiteTitle "GM"]
[BlackTitle "GM"]
[WhiteElo "2380"]
[BlackElo "2640"]
[WhiteFideId "8103178"]
[BlackFideId "35028561"]
[EventDate "2024.05.25"]

1. e4 c5 2. Nf3 d6 3. d4 cxd4 4. Nxd4 Nf6 5. Bd3 g6 6. c4 Bg7 7. Nc3 O-O 8. O-O
Nc6 9. Nde2 Nd7 10. Be3 Nc5 11. Bc2 a6 12. Rb1 Be6 13. b4 Nd7 14. Nd5 a5 15. a3
axb4 16. axb4 Nde5 17. Bb6 Qd7 18. c5 Nc4 19. Bb3 N6e5 20. f4 Bxd5 21. exd5 Nxb6
22. fxe5 Bxe5 23. cxb6 Qb5 24. Kh1 Qxb6 25. Qd2 Ra3 26. Rf3 Rfa8 27. Rbf1 Bf6
28. g4 Ra1 29. Qf4 Rxf1+ 30. Rxf1 Rf8 31. Ng3 Be5 32. Qe4 Qa6 33. Bc4 Qa3 34.
Bd3 Qb2 35. Qf3 Qd4 36. Nf5 Qb2 37. Nxe7+ Kg7 38. Rf2 Qc1+ 39. Kg2 Qg5 40. Nc6
bxc6 41. dxc6 d5 42. b5 Bc7 43. Re2 Ra8 44. Rf2 Rf8 45. Re2 Qh4 46. h3 Qd8 47.
Qe3 Qd6 48. Kf1 Qf6+ 49. Rf2 Qc3 50. Rc2 Qb4 51. Re2 Ra8 52. Kg2 Ra3 53. b6 Qxb6
54. Qxb6 Bxb6 55. Rb2 Bc7 56. Rb7 Be5 57. Bb5 Rg3+ 58. Kf2 Rxh3 59. Rd7 Rc3 60.
Rxd5 f6 61. Ke2 Bf4 62. Rd4 Bh2 63. Rd5 Kh6 64. Kd2 Ra3 65. Rd7 Bf4+ 66. Kc2 Ra1
67. Bc4 Ra5 68. Rd5 Ra3 69. Rd7 Be5 70. Bb3 Ra5 71. Rd5 Ra7 72. Rd7 Ra5 73. Rd5
Ra6 74. Rc5 Ra7 75. Kd3 Re7 76. Kc4 Kg5 77. Bd1 Kf4 78. Rd5 Ra7 79. Rd7 Ra1 80.
Bc2 Rc1 81. Kd3 Rh1 82. Re7 0-1

[Event "24th Dubai Open A 2024"]
[Site "Dubai UAE"]
[Date "2024.05.31"]
[Round "7.15"]
[White "Wang, Yanbin"]
[Black "Zhu, Jiner"]
[Result "1/2-1/2"]
[BlackTitle "GM"]
[WhiteElo "2415"]
[BlackElo "2476"]
[WhiteFideId "8617996"]
[BlackFideId "8608059"]
[EventDate "2024.05.25"]

1. Nf3 Nf6 2. c4 e6 3. Nc3 d5 4. e3 Be7 5. d4 O-O 6. Bd3 dxc4 7. Bxc4 a6 8. Bd3
b5 9. Ne4 Nbd7 10. Bd2 c5 11. dxc5 Nxc5 12. Nxc5 Bxc5 13. Qe2 Bb7 14. e4 e5 15.
O-O Qe7 16. a3 Rfd8 17. Bc3 Nd7 18. b4 Bd6 19. Qe3 Rac8 20. Rac1 Bc7 21. Rfd1
Bb6 22. Qe2 f6 23. a4 Nf8 24. axb5 axb5 25. Be1 Rxc1 26. Rxc1 Ne6 27. Bxb5 Nf4
28. Qc4+ Kh8 29. g3 Nd3 30. Rd1 Nxe1 31. Rxd8+ Qxd8 32. Nxe1 f5 33. Qe6 Bxe4 34.
Bd3 Bd4 35. Bxe4 fxe4 36. Nc2 h6 37. Qg4 Qa8 38. Qd7 Bb6 39. Qd6 Qc8 40. Qxb6
Qxc2 41. Qd6 Kh7 42. h3 e3 43. fxe3 Qe2 44. Qxe5 1/2-1/2

[Event "24th Dubai Open A 2024"]
[Site "Dubai UAE"]
[Date "2024.05.31"]
[Round "7.16"]
[White "Rathanvel, V S"]
[Black "Xie, Kaifan"]
[Result "1/2-1/2"]
[WhiteTitle "IM"]
[BlackTitle "CM"]
[WhiteElo "2471"]
[BlackElo "2376"]
[WhiteFideId "25002112"]
[BlackFideId "8619107"]
[EventDate "2024.05.25"]

1. e4 c6 2. d4 d5 3. e5 Bf5 4. Nd2 e6 5. Nb3 Nd7 6. Nf3 Qc7 7. Nh4 Be4 8. f3 Bg6
9. Be3 c5 10. Nxg6 hxg6 11. c3 cxd4 12. cxd4 Ne7 13. a3 Qb6 14. Bf2 a5 15. Nc5
Nxc5 16. dxc5 Qc7 17. f4 Nc6 18. b4 Be7 19. b5 Nb8 20. Rc1 O-O 21. a4 Nd7 22. b6
Qd8 23. Bb5 Rc8 24. Bxd7 Qxd7 25. O-O Rc6 26. Qd2 Rfc8 27. Qxa5 d4 28. Qb5 Qd5
29. Qd3 Bxc5 30. a5 Ra8 1/2-1/2

[Event "24th Dubai Open A 2024"]
[Site "Dubai UAE"]
[Date "2024.05.31"]
[Round "7.17"]
[White "Sanikidze, Tornike"]
[Black "Aliyev, Ravan"]
[Result "1/2-1/2"]
[WhiteTitle "GM"]
[BlackTitle "FM"]
[WhiteElo "2453"]
[BlackElo "2352"]
[WhiteFideId "13602608"]
[BlackFideId "13409980"]
[EventDate "2024.05.25"]

1. d4 Nf6 2. c4 e6 3. Nf3 d5 4. e3 Be7 5. Nc3 O-O 6. Qc2 c5 7. dxc5 Bxc5 8. a3
a5 9. cxd5 exd5 10. Be2 Nc6 11. O-O Qe7 12. Rd1 Rd8 13. Qa4 Bf5 14. Nb5 Bg4 15.
h3 Bh5 16. Kf1 Ne4 17. Nc3 Nxc3 18. bxc3 Ne5 19. Nxe5 Bxe2+ 20. Kxe2 Qxe5 21.
Rb1 b6 22. Bb2 Qe6 23. Rd3 Qe4 24. Qxe4 dxe4 25. Rxd8+ Rxd8 26. a4 f6 27. Rd1
Rxd1 28. Kxd1 Kf7 29. c4 f5 30. Bd4 g6 1/2-1/2

[Event "24th Dubai Open A 2024"]
[Site "Dubai UAE"]
[Date "2024.05.31"]
[Round "7.18"]
[White "Piliposyan, Robert"]
[Black "Mammadzada, Gunay"]
[Result "0-1"]
[WhiteTitle "FM"]
[BlackTitle "IM"]
[WhiteElo "2364"]
[BlackElo "2436"]
[WhiteFideId "13309978"]
[BlackFideId "13403729"]
[EventDate "2024.05.25"]

1. d4 Nf6 2. c4 e6 3. Nf3 d5 4. Nc3 Bb4 5. Qa4+ Nc6 6. e3 O-O 7. Qc2 Na5 8. c5
b6 9. a3 Bxc3+ 10. Qxc3 e5 11. Nxe5 Ne4 12. Qc2 Bf5 13. Bd3 bxc5 14. Qa4 Nb7 15.
O-O f6 16. Nf3 c4 17. Be2 c5 18. Nd2 Qb6 19. Bf3 Nbd6 20. dxc5 Qxc5 21. Nxe4
Bxe4 22. Bd2 Bxf3 23. Bb4 Qc8 24. Bxd6 Rd8 25. Bg3 Be4 26. Rfd1 a5 27. Qb5 a4
28. Rac1 Qe6 29. Qc5 Rd7 30. Rd4 Rb7 31. Rd2 Bd3 32. Qd6 Qf5 33. Qc6 Qd7 34.
Qxd7 Rxd7 35. f3 Ra6 36. e4 dxe4 37. fxe4 Re7 38. Re1 Rae6 39. Bf2 Rxe4 40. Rxe4
Rxe4 41. Bc5 f5 42. Bb4 Kf7 43. Bc3 g5 44. h3 Kg6 45. Kh2 h5 46. Rd1 f4 47. Re1
Be2 48. Kg1 g4 49. hxg4 hxg4 50. g3 f3 51. Kf2 Re7 52. Rh1 Bd3 53. Re1 Rh7 54.
Kg1 Be2 55. Rc1 Kf5 56. Bd2 Rb7 57. Bb4 Ke4 58. Kf2 Rh7 59. Kg1 Rh3 60. Bd6 Rh6
61. Bc5 Rh5 62. Bd6 Rd5 63. Bf4 Rf5 64. Kf2 Rb5 65. Rc2 Bd3 66. Rd2 c3 67. bxc3
Rb1 0-1

[Event "24th Dubai Open A 2024"]
[Site "Dubai UAE"]
[Date "2024.05.31"]
[Round "7.19"]
[White "Liyanage, Ranindu Dilshan"]
[Black "Dimakiling, Oliver"]
[Result "1/2-1/2"]
[WhiteTitle "IM"]
[BlackTitle "IM"]
[WhiteElo "2352"]
[BlackElo "2425"]
[WhiteFideId "9915834"]
[BlackFideId "5202248"]
[EventDate "2024.05.25"]

1. e4 c5 2. Nf3 Nc6 3. Bb5 e5 4. O-O Bd6 5. d3 Nge7 6. a3 Ng6 7. Nc3 O-O 8. Bc4
h6 9. Nd5 Re8 10. h4 b5 11. Bxb5 Nxh4 12. Nh2 Ng6 13. Bc4 Nd4 14. c3 Ne6 15. g3
Bb7 16. Qh5 Bxd5 17. Bxd5 Rb8 18. Ng4 Rb6 19. b4 Bf8 20. Be3 a5 21. bxa5 Rd6 22.
f4 exf4 23. gxf4 Nh4 24. f5 Rxd5 25. exd5 Ng5 26. Kh1 Ngf3 27. Nxh6+ gxh6 28.
Rg1+ Bg7 29. Bxh6 Nxf5 30. Bxg7 Nxg7 31. Qh6 Qh4+ 32. Qxh4 Nxh4 33. a6 Ra8 34.
Rg4 Nf5 35. Ra4 Ra7 36. Rb1 Nd6 37. c4 Ngf5 38. Rb6 Kg7 39. Ra5 Kf6 40. Rxc5 Ke5
41. Ra5 Nd4 42. Rb8 N6f5 43. Kg2 Kf4 44. Kf2 Ne3 45. Ke1 Nf3+ 46. Ke2 f5 47. d6
Nd4+ 48. Kd2 Nc6 49. Rb7 Ra8 50. Ra4 Rg8 51. c5+ Kf3 52. a7 Rg2+ 53. Kc1 Rg1+
54. Kb2 Nd1+ 55. Kc2 Ne3+ 56. Kb3 Rb1+ 57. Ka2 Rxb7 58. a8=Q Rb8 59. Qa6 Ke2 60.
Rh4 Kd2 61. Qa4 Kc3 62. Rc4+ Kd2 63. Rh4 Kc3 64. Rc4+ Kd2 65. d4 Nxc4 66. Qxc4
Na5 67. Qa4 Kc1 68. Qxa5 Rb2+ 1/2-1/2

[Event "24th Dubai Open A 2024"]
[Site "Dubai UAE"]
[Date "2024.05.31"]
[Round "7.20"]
[White "Zhai, Mo"]
[Black "Injac, Teodora"]
[Result "1-0"]
[WhiteTitle "WGM"]
[BlackTitle "IM"]
[WhiteElo "2348"]
[BlackElo "2422"]
[WhiteFideId "8600201"]
[BlackFideId "932400"]
[EventDate "2024.05.25"]

1. d4 Nf6 2. c4 e6 3. Nc3 Bb4 4. e3 O-O 5. Bd2 c5 6. a3 Bxc3 7. Bxc3 Ne4 8. Rc1
d6 9. Nf3 Qe7 10. Qc2 Nxc3 11. Qxc3 b6 12. Be2 Bb7 13. O-O Nd7 14. Rfd1 Nf6 15.
b4 Rac8 16. Qb2 Ne4 17. Nd2 Rfd8 18. Nxe4 Bxe4 19. Bf1 Qg5 20. Rd2 h6 21. Kh1
Bc6 22. Rcd1 Ba4 23. Re1 Bc6 24. e4 cxd4 25. Rxd4 Qf6 26. Qd2 e5 27. Rd3 Bb7 28.
Kg1 Qg5 29. Qd1 Rxc4 30. Rxd6 Rd4 31. Rxd8+ Qxd8 32. Qa4 a5 33. Qb5 axb4 34.
axb4 Qd6 35. Qe8+ Kh7 36. Qxf7 Qxb4 37. Rc1 Qd2 38. Rc7 Qg5 39. Rxb7 Rxe4 40.
Rb8 Re1 41. Qg8+ Kg6 42. Rxb6+ Kh5 43. Qf7+ 1-0

[Event "24th Dubai Open A 2024"]
[Site "Dubai UAE"]
[Date "2024.05.31"]
[Round "7.21"]
[White "Poormosavi, Seyed Kian"]
[Black "Khripachenko, Alexander"]
[Result "1/2-1/2"]
[WhiteTitle "IM"]
[BlackTitle "FM"]
[WhiteElo "2388"]
[BlackElo "2371"]
[WhiteFideId "12585807"]
[BlackFideId "54184975"]
[EventDate "2024.05.25"]

1. Nf3 d5 2. g3 g6 3. Bg2 Bg7 4. d4 Nf6 5. O-O O-O 6. c4 c6 7. cxd5 cxd5 8. Nc3
Ne4 9. Nd2 Nxd2 10. Bxd2 e6 11. e3 Nc6 12. a3 Bd7 13. b4 Rc8 14. Qb3 Ne7 15. b5
Nf5 16. a4 Nd6 17. Na2 Re8 18. Rfc1 Rxc1+ 19. Rxc1 Qb8 20. Bf1 Rc8 21. a5 Rxc1
22. Bxc1 b6 23. a6 Qc7 24. Ba3 Bf8 25. Bd3 h5 26. h4 Kg7 27. Nc3 Qc8 28. Bb4 Qd8
29. Qa3 Bc8 30. f3 Kg8 31. Kh2 f5 32. Ne2 Qc7 33. Nc3 Qd8 34. Kg2 Qc7 35. Kf2
Bd7 36. Kg2 Kf7 37. Qb3 Qd8 38. Bxd6 Bxd6 39. e4 dxe4 40. fxe4 fxe4 41. Nxe4 Be7
42. Bc4 Bc8 43. Qe3 Qc7 44. Bd3 Kg7 45. Nd2 Qd6 46. Bc4 Bf6 47. Nf3 Bd7 48. Qe4
Qb4 49. Bd3 Qb2+ 50. Kh1 Qa1+ 51. Kg2 Qb2+ 52. Kf1 Be8 53. Ke1 Bf7 54. Ne5 Qc1+
55. Ke2 Qb2+ 56. Kf1 Qc1+ 57. Kg2 Qd2+ 58. Kh3 Qd1 59. Be2 Qe1 60. Nxf7 Kxf7 61.
Qb7+ Be7 62. Bf3 Kf6 63. Qd7 Qe3 64. Bg2 Bb4 65. d5 Be1 66. Qd6 Kf7 67. Kh2 exd5
68. Bxd5+ Kg7 69. Qc7+ Kh6 70. Qb8 Bc3 71. Qf8+ Bg7 72. Qf4+ 1/2-1/2

[Event "24th Dubai Open A 2024"]
[Site "Dubai UAE"]
[Date "2024.05.31"]
[Round "7.22"]
[White "Manon, Reja Neer"]
[Black "George Micheal, Kevin"]
[Result "1-0"]
[WhiteTitle "FM"]
[BlackTitle "IM"]
[WhiteElo "2423"]
[BlackElo "2258"]
[WhiteFideId "10224009"]
[BlackFideId "10669515"]
[EventDate "2024.05.25"]

1. e4 c5 2. Nf3 d6 3. d4 cxd4 4. Nxd4 Nf6 5. f3 e5 6. Nb3 d5 7. Bg5 Be6 8. Bxf6
gxf6 9. exd5 Qxd5 10. Qxd5 Bxd5 11. Nc3 Bc6 12. O-O-O Nd7 13. Na5 Bb4 14. Nxc6
bxc6 15. Ne4 Be7 16. Ng3 Nb6 17. Bd3 O-O-O 18. Be4 Nd5 19. Rhe1 Bc5 20. Nf5 Kc7
21. a3 a5 22. Rd3 h5 23. Red1 Nf4 24. Rxd8 Rxd8 25. Rxd8 Kxd8 26. g3 Ne2+ 27.
Kd1 Nd4 28. Nxd4 Bxd4 29. c3 Bg1 30. h4 f5 31. Bxc6 Bf2 32. g4 hxg4 33. h5 g3
34. Ke2 Ke7 35. b4 Kf6 36. Bd5 f4 37. Kf1 axb4 38. cxb4 e4 39. fxe4 Kg5 40. e5
Bd4 41. Bf3 Bxe5 42. a4 Bc3 43. b5 Ba5 44. Ke2 Kf5 45. Kd3 Ke5 46. Kc4 Kd6 47.
h6 Bd8 48. b6 Bf6 49. a5 Ba1 50. a6 1-0

[Event "24th Dubai Open A 2024"]
[Site "Dubai UAE"]
[Date "2024.05.31"]
[Round "7.23"]
[White "Ezat, Mohamed"]
[Black "Beydullayeva, Govhar"]
[Result "0-1"]
[WhiteTitle "IM"]
[BlackTitle "WGM"]
[WhiteElo "2340"]
[BlackElo "2411"]
[WhiteFideId "10600906"]
[BlackFideId "13413015"]
[EventDate "2024.05.25"]

1. d4 Nf6 2. Nf3 d5 3. g3 e6 4. Bg2 Be7 5. O-O O-O 6. c4 dxc4 7. Qc2 a6 8. Qxc4
b5 9. Qc2 Bb7 10. Bd2 Be4 11. Qc1 Nc6 12. Be3 Rc8 13. Rd1 Nb4 14. Nc3 Bg6 15.
Ne5 c6 16. Bg5 Bh5 17. h3 Nbd5 18. g4 Bg6 19. e4 Nxc3 20. bxc3 Nd7 21. Be3 Nxe5
22. dxe5 Qc7 23. f4 f5 24. a4 fxe4 25. Qc2 Rfd8 26. Bxe4 Bxe4 27. Qxe4 Rd5 28.
Rf1 a5 29. Bd4 Bc5 30. Rad1 Rcd8 31. f5 Qxe5 32. Qf3 exf5 33. gxf5 Bxd4+ 34.
cxd4 Rxd4 35. Rde1 Qd5 36. Qh5 Qf7 37. Qf3 R4d6 38. Qc3 b4 39. Qg3 Rd3 40. Qh4
Qa7+ 41. Rf2 Qd4 42. Re4 Qf6 43. Qh5 Qf7 44. Qg4 Rd1+ 45. Kg2 R1d2 46. Re6 Rxf2+
47. Kxf2 Rf8 48. Re5 b3 49. Qd4 h6 50. Rxa5 Qe6 51. Qc5 b2 52. Qc2 Qa2 0-1

[Event "24th Dubai Open A 2024"]
[Site "Dubai UAE"]
[Date "2024.05.31"]
[Round "7.24"]
[White "Stella, Andrea"]
[Black "Goh, Zi Han"]
[Result "1/2-1/2"]
[WhiteTitle "GM"]
[BlackTitle "FM"]
[WhiteElo "2397"]
[BlackElo "2306"]
[WhiteFideId "827061"]
[BlackFideId "5819156"]
[EventDate "2024.05.25"]

1. Nf3 d5 2. g3 Nf6 3. Bg2 g6 4. c4 c6 5. b3 Bg7 6. Bb2 O-O 7. O-O a5 8. d3 Na6
9. Nbd2 a4 10. Rb1 axb3 11. axb3 Nb4 12. Ra1 Bg4 13. h3 Bxf3 14. Nxf3 Qb6 15.
Bd4 c5 16. Be5 d4 17. Bxf6 Bxf6 18. Qb1 e5 19. Nd2 Bg7 20. Qb2 f5 21. Rxa8 Rxa8
22. Ra1 Ra6 23. Qb1 Qa7 24. Rxa6 Qxa6 25. Nf3 Bf6 26. Ne1 b6 27. Nc2 Qa2 28.
Qxa2 Nxa2 29. Kf1 Kf7 30. Bd5+ Ke7 31. h4 Nc3 32. Bg8 Kf8 33. Be6 Ke7 34. Bg8
Kf8 35. Be6 Be7 36. h5 Kg7 37. hxg6 hxg6 38. g4 Kf6 39. gxf5 gxf5 40. Bd7 e4 41.
b4 Ke5 42. bxc5 bxc5 43. Na1 Na2 44. Nb3 Nb4 45. dxe4 fxe4 46. Be8 Nc2 47. Bf7
Kf4 48. Bg6 Na3 49. Bf7 Ke5 50. Bg8 Kd6 51. Nd2 Ke5 52. Bh7 e3 53. fxe3 dxe3 54.
Nf3+ Kd6 55. Bd3 Bf6 56. Ne1 Kc6 57. Kg2 Kb6 58. Kf3 Ka5 59. Kxe3 Kb4 60. Ke4
Nxc4 61. Bxc4 Kxc4 1/2-1/2

[Event "24th Dubai Open A 2024"]
[Site "Dubai UAE"]
[Date "2024.05.31"]
[Round "7.25"]
[White "Sultan, Ibrahim"]
[Black "Buksa, Nataliya"]
[Result "0-1"]
[WhiteTitle "IM"]
[BlackTitle "IM"]
[WhiteElo "2171"]
[BlackElo "2383"]
[WhiteFideId "9301143"]
[BlackFideId "14123622"]
[EventDate "2024.05.25"]

1. d4 Nf6 2. c4 e6 3. Nf3 d5 4. Nc3 Nbd7 5. Qc2 Bb4 6. cxd5 exd5 7. Bg5 c6 8. e3
h6 9. Bh4 g5 10. Bg3 Ne4 11. Nd2 Nxg3 12. hxg3 Nf6 13. Bd3 Qe7 14. a3 Ba5 15. b4
Bc7 16. Rc1 a6 17. Nf3 Bg4 18. a4 Kf8 19. b5 axb5 20. axb5 Kg7 21. Kf1 Ra3 22.
Nb1 Ra1 23. bxc6 bxc6 24. Qxc6 Bxg3 25. Qc3 Rc8 26. Qe1 Rxc1 27. Qxc1 Bd6 28.
Qb2 Qa7 29. Ne5 Be6 30. Nc6 Qa4 31. Qc2 Qa8 32. Qc3 Qa4 33. g3 Bxg3 34. Kg2 Bd6
35. Nd8 Bd7 36. Rxh6 Ra2 37. Rxf6 Kxf6 38. Nb7 Qd1 0-1

[Event "24th Dubai Open A 2024"]
[Site "Dubai UAE"]
[Date "2024.05.31"]
[Round "7.26"]
[White "Ahmad, Khagan"]
[Black "Heinemann, Josefine"]
[Result "1/2-1/2"]
[WhiteTitle "FM"]
[BlackTitle "WGM"]
[WhiteElo "2375"]
[BlackElo "2303"]
[WhiteFideId "13431552"]
[BlackFideId "12900460"]
[EventDate "2024.05.25"]

1. Nf3 d5 2. d4 Nf6 3. c4 e6 4. g3 dxc4 5. Bg2 c5 6. O-O Nc6 7. dxc5 Qxd1 8.
Rxd1 Bxc5 9. Nbd2 c3 10. bxc3 O-O 11. Nb3 Be7 12. Nfd4 Nxd4 13. cxd4 Nd5 14. e4
Nc3 15. Rd3 Ne2+ 16. Kh1 b6 17. Bd2 Ba6 18. Re3 Bc4 19. d5 exd5 20. Re1 Bxb3 21.
axb3 Nd4 22. exd5 Bd6 23. Rd3 Nc2 24. Re4 Rfe8 25. Rc4 Ne1 26. Rdd4 Nxg2 27.
Kxg2 Rad8 28. Rd3 Re7 29. b4 Red7 30. Bg5 f6 31. Be3 b5 32. Rh4 Be5 33. Re4 Rxd5
34. Rxd5 Rxd5 35. Bxa7 Bd6 36. Bb6 Kf7 37. g4 f5 38. gxf5 Rxf5 39. Be3 h5 40. h4
g6 41. Bg5 Rd5 42. Bd8 Rd3 43. Bg5 Rd5 44. Kf3 Rf5+ 45. Kg2 Rd5 1/2-1/2